| 000 | 00406nam a2200169Ia 4500 | ||
|---|---|---|---|
| 003 | LK-CoDNM | ||
| 008 | 010623t1978 xxu||||| |||| 00| 1 eng d | ||
| 040 |
_aLK-CoDNM _dLK-CoDNM _eLK-CoDNM |
||
| 041 | _aeng | ||
| 080 |
_a391.7/8 _bBLE |
||
| 100 | _aBleakley, Robert | ||
| 245 | _aAfrican Masks | ||
| 260 |
_bThames Hudson _aLondon _c1978 |
||
| 300 | _b, 28 cm | ||
| 650 | _aAfrican Masks | ||
| 942 | _cBK | ||
| 999 |
_c110350 _d110350 |
||